|
|
|
|
| LEADER |
00000cas a2200000 a 4500 |
| 003 |
Ucuenca |
| 005 |
20230810062750.0 |
| 008 |
005092|2004 bl |||||r|||||||||||spa|| |
| 022 |
|
|
|a 0102-6801
|
| 040 |
|
|
|b spa
|
| 041 |
0 |
|
|a por
|
| 082 |
0 |
|
|a 105
|b U48e
|
| 110 |
2 |
|
|a Universidade Federal de Uberlândia.
|g UFU
|9 195604
|
| 245 |
|
|
|a Educacao e Filosofia
|c Universidade Federal de Uberlándia
|h imp
|
| 264 |
|
|
|a Uberlandia
|b Universidade Federal de Uberlándia
|c Jan./dez. 2004
|
| 300 |
|
|
|a 410 páginas:
|c 16 cm
|
| 362 |
|
|
|a Vol. 18, no. 35-36 (jan.-dez. 2004)
|
| 504 |
|
|
|a incl. ref.
|
| 650 |
1 |
|
|a Revista educacao e filosofia
|9 195627
|
| 650 |
1 |
0 |
|a Pedagogía
|9 197386
|
| 650 |
1 |
4 |
|a Filosofía
|9 8018
|
| 852 |
|
|
|a UC-CDJBV
|
| 942 |
|
|
|c SER
|z vanessa.morales@ucuenca.edu.ec
|
| 999 |
|
|
|c 150995
|d 150995
|